SAMS TEACH YOURSELF SQL IN 21 DAYS 3RD ED/ (Record no. 56111)

MARC details
000 -LEADER
fixed length control field 00458pam a2200169 a 4500
020 ## - INTERNATIONAL STANDARD BOOK NUMBER
International Standard Book Number 81-7635-364-7
Terms of availability
041 ## - LANGUAGE CODE
Language code of original
082 ## - DEWEY DECIMAL CLASSIFICATION NUMBER
Classification number 005.758 5
Item number STE/PLE
100 ## - MAIN ENTRY--PERSONAL NAME
Personal name STEPHENS R. K. AND PLEW R.R.
245 ## - TITLE STATEMENT
Title SAMS TEACH YOURSELF SQL IN 21 DAYS 3RD ED/
Medium Textual Documents
250 ## - EDITION STATEMENT
Edition statement 01-01-2009.
260 ## - PUBLICATION, DISTRIBUTION, ETC.
Name of publisher, distributor, etc. TECHMEDIA, NEW DELHI-110 002
300 ## - PHYSICAL DESCRIPTION
Extent XX/754
Dimensions 24*18
500 ## - GENERAL NOTE
General note 13363
653 ## - INDEX TERM--UNCONTROLLED
Uncontrolled term DATABASE MANAGEMENT SYSTEMS(T.E)
930 ## - EQUIVALENCE OR CROSS-REFERENCE-UNIFORM TITLE HEADING [LOCAL, CANADA]
Uniform title 12889
Holdings
Withdrawn status Lost status Damaged status Not for loan Collection Home library Current library Shelving location Date acquired Source of acquisition Cost, normal purchase price Total Checkouts Full call number Barcode Date last seen Date last checked out Copy number Price effective from Koha item type
        EWP College of Engineering for Women, Pune College of Engineering for Women, Pune v 11/09/2009 BHARATI MADHYA. SAHAKARI GRAHAK BHANDAR LTD., 360.00 3 005.758 5 STE/PLE EWP-12837 25/04/2026 25/04/2026 1 24/02/2023 Book